High Performance Manufacturing: Global Perspectives (Record no. 3454)

MARC details
005 - DATE AND TIME OF LATEST TRANSACTION
control field 20250621085919.0
020 ## - INTERNATIONAL STANDARD BOOK NUMBER
International Standard Book Number 0-471-38814-9
082 ## - DEWEY DECIMAL CLASSIFICATION NUMBER
Classification number LM 670 SCH
100 ## - MAIN ENTRY--PERSONAL NAME
Author name SCHROEDER, R. G.
245 ## - TITLE STATEMENT
Title High Performance Manufacturing: Global Perspectives
260 ## - PUBLICATION, DISTRIBUTION, ETC.
Place of publication, distribution, etc. New York
Name of publisher, distributor, etc. John Wiley & Sons, Inc.
Date of publication, distribution, etc. 2001
300 ## - PHYSICAL DESCRIPTION
Extent xi,308p.: Ill.; figures , graph & table.
Other physical details Index
Dimensions 24cm.
700 ## - ADDED ENTRY--PERSONAL NAME
Other authors/Editors FLYNN, B. B.
942 ## - ADDED ENTRY ELEMENTS (KOHA)
Source of classification or shelving scheme Dewey Decimal Classification
Koha item type Books
Holdings
Date last seen Total checkouts Full call number Barcode Cost, replacement price Price effective from Koha item type Lost status Source of classification or shelving scheme Damaged status Not for loan Withdrawn status Home library Current library Shelving location Date acquired Cost, normal purchase price
06/07/2025   LM 670 SCH 00000010817 120000.00 06/07/2025 Books   Dewey Decimal Classification       College of Business Education Main Library College of Business Education Main Library General Collection 05/28/2010 40000.00
06/07/2025   LM 670 SCH 00000010818 120000.00 06/07/2025 Books   Dewey Decimal Classification       College of Business Education Main Library College of Business Education Main Library General Collection 05/28/2010 40000.00
06/07/2025   LM 670 SCH 00000010819 120000.00 06/07/2025 Books   Dewey Decimal Classification       College of Business Education Main Library College of Business Education Main Library General Collection 05/28/2010 40000.00
06/07/2025   LM 670 SCH 00000010820 120000.00 06/07/2025 Books   Dewey Decimal Classification       College of Business Education Main Library College of Business Education Main Library General Collection 05/28/2010 40000.00